| 000 | 01725nac a22003731u 4500 | ||
|---|---|---|---|
| 010 | _a 2006001219 | ||
| 020 | _a052185962X (hardback) | ||
| 020 | _a0521676886 (pbk.) | ||
| 020 | _a9780521859622 | ||
| 020 | _a9780521676885 (pbk) | ||
| 035 | _a(OCoLC)ocm63122763 | ||
| 082 | 0 | 0 |
_a341.48 _bLIK |
| 090 |
_c8638 _d8638 |
||
| 100 | _aLikosky, Michael. | ||
| 245 | 1 | 0 |
_aLaw, infrastructure, and human rights / _cMichael B. Likosky. |
| 260 |
_aCambridge ; _aNew York : _bCambridge University Press,2006 _cc2006. |
||
| 300 |
_aix, 230 p. ; _c23 cm. |
||
| 490 | 1 | _aLaw in context series | |
| 500 | _aDistributer: Bacca | ||
| 504 | _aIncludes bibliographical references (p. 183-213) and indexes. | ||
| 505 | 0 | _aIntroduction -- Transnational public-private partnerships -- Human rights risks -- Iraq -- Antiterrorism -- Banks -- EU enlargement -- Antipoverty -- Toward a human rights unit. | |
| 511 | _aCatalogued by: Sara | ||
| 650 | 0 | _aHuman rights. | |
| 650 | 0 |
_aInternational business enterprises _xLaw and legislation. |
|
| 650 | 0 |
_aNon-governmental organizations _xLaw and legislation. |
|
| 650 | 0 | _aInternational agencies. | |
| 650 | 0 |
_aInfrastructure (Economics) _zDeveloping countries. |
|
| 830 | 0 | _aLaw in context. | |
| 856 | 4 | 1 |
_3Table of contents only _uhttp://www.loc.gov/catdir/toc/ecip066/2006001219.html |
| 856 | 4 | 1 |
_3Publisher description _uhttp://www.loc.gov/catdir/enhancements/fy0642/2006001219-d.html |
| 856 | 4 | 1 |
_3Contributor biographical information _uhttp://www.loc.gov/catdir/enhancements/fy0733/2006001219-b.html |
| 942 |
_cBB _k341.48LIK |
||
| 999 |
_c8638 _d8638 |
||